000 00448nam a2200169 a 4500
001 0000-9303
003 ELIB.Books
008 110520 1975
035 _a(ELIB.Books)0000-9455
082 _a269.2
_bEng
100 _aEngel, James F.
245 _aWhat's Gone Wrong with the Harvest'
260 _bGrand Rapids: Zondervan Publishing House
_c1975
650 _aEvangelism
942 _2ddc
_cBK
998 _cbat
_e2011-05-20
999 _c9303
_d9303